书目信息 |
| 题名: |
李可染
|
|
| 作者: | 梅墨生 编著 | |
| 分册: | ||
| 出版信息: | 石家庄 河北教育出版社 2000 |
|
| 页数: | 265页 | |
| 开本: | 21cm | |
| 丛书名: | 中国名画家全集 | |
| 单 册: | ||
| 中图分类: | J203 | |
| 科图分类: | ||
| 主题词: | 画家--艺术实践 | |
| 电子资源: | ||
| ISBN: | 7-5434-3990-5 | |
| 000 | 00973oam2 2200301 45 | |
| 001 | 050000072178 | |
| 005 | 20051222172815.34 | |
| 010 | @a7-5434-3990-5@dCNY58.00 | |
| 092 | @aCN | |
| 100 | @a20050623e20032000ekmy0chiy0120 ea | |
| 101 | 0 | @achi |
| 102 | @aCN@b130000 | |
| 105 | @aa z 000yd | |
| 200 | 1 | @a李可染@9li ke ran@f梅墨生编著@Fmei mo sheng bian zhu |
| 210 | @a石家庄@c河北教育出版社@d2000@h2003重印 | |
| 215 | @a265页@c照片,图@d21cm | |
| 225 | 2 | @a中国名画家全集@i近现代部分@f郎绍君,张志欣主编 |
| 330 | @a本书对李可染的中国画作品和艺术思想进行了研究,收录了多人对李可染的评论文章,并介绍了李可染的生平事迹。 | |
| 410 | 0 | @12001 @a近现代部分 |
| 410 | 0 | @12001 @a中国名画家全集 |
| 600 | 0 | @a李可染@f(1907~1989)@x人物研究 |
| 600 | 0 | @a李可染@f(1907~1989)@x中国画@x美术批评 |
| 606 | 0 | @a画家@x艺术实践 |
| 690 | @aJ203@v4 | |
| 701 | 0 | @a梅墨生@Amei mo sheng@4编著 |
| 801 | 0 | @aCN@bNLC@c20051222 |
| 905 | @a10447@dJ203@e282 | |
| 999 | @aHSJ | |
| 李可染/梅墨生编著.-石家庄:河北教育出版社,2000(2003重印) |
| 265页:照片,图;21cm.-(中国名画家全集.近现代部分/郎绍君,张志欣主编) |
| ISBN 7-5434-3990-5:CNY58.00 |
| 本书对李可染的中国画作品和艺术思想进行了研究,收录了多人对李可染的评论文章,并介绍了李可染的生平事迹。 |
| ● |
| 相关链接 |
|
|
|
|
正题名:李可染
索取号:J203/282
 
预约/预借
| 序号 | 登录号 | 条形码 | 馆藏地/架位号 | 状态 | 备注 |
| 1 | 0369444 | 203694449 | 第一样本阅览室/ [索取号:J203/282] | 在馆 | |
| 2 | 0372206 | 203722061 | 第一借阅区/ [索取号:J203/282] | 在馆 |